[Event "45th Sparkassen Open"]
[Site "Dortmund GER"]
[Date "2017.07.22"]
[Round "8.24"]
[White "Kagan, Dennis"]
[Black "Ambartsumjan, Evgeny"]
[Result "0-1"]
[WhiteElo "1902"]
[BlackElo "2122"]
[WhiteFideId "12983578"]
[BlackFideId "34140643"]
[EventDate "2017.07.15"]

1. Nf3 Nf6 2. c4 g6 3. b4 Bg7 4. Bb2 O-O 5. g3 d6 6. Bg2 c6 7. O-O e5 8. d3 Re8
9. Nbd2 h6 10. Qc2 Na6 11. a3 Nh5 12. c5 d5 13. Rfe1 Nc7 14. e4 d4 15. Nc4 Qd7
16. Nd6 Rf8 17. a4 Ne8 18. Ra3 Qd8 19. b5 Nxd6 20. cxd6 Bd7 21. bxc6 bxc6 22.
Qc5 Qf6 23. Rb3 Rfd8 24. Rb7 a5 25. Rc1 Bg4 26. Nd2 Bf8 27. Nc4 Be6 28. f4 exf4
29. e5 Qg5 30. Nb6 fxg3 31. Qxc6 gxh2+ 32. Kxh2 Qxe5+ 33. Kg1 Qe3+ 34. Kh2 Bg7
35. Rc5 Be5+ 36. Rxe5 Qxe5+ 37. Kg1 Qe1+ 38. Kh2 Nf4 39. Nxa8 Ne2 0-1

[Event "45th Sparkassen Open"]
[Site "Dortmund GER"]
[Date "2017.07.22"]
[Round "8.25"]
[White "Kolakovic, Klaudio"]
[Black "Bork, Sophie"]
[Result "0-1"]
[WhiteElo "2017"]
[BlackElo "1858"]
[WhiteFideId "24645800"]
[BlackFideId "12905429"]
[EventDate "2017.07.15"]

1. e4 e5 2. d3 Bc5 3. g3 d6 4. Bg2 Nc6 5. h3 Be6 6. Nf3 h6 7. O-O Qd7 8. Kh2 g5
9. c3 g4 10. hxg4 Bxg4 11. b4 Nxb4 12. d4 Bb6 13. a4 Nc6 14. d5 Na5 15. Qc2 Bxf3
16. Bxf3 h5 17. Bg5 Nh6 18. Kg2 Ng4 19. Qe2 Rg8 20. Bh4 c6 21. Bxg4 hxg4 22.
dxc6 Nxc6 23. Nd2 Ba5 24. Qd3 Bd8 25. Nc4 Bxh4 26. Nxd6+ Kf8 27. gxh4 Rd8 28.
Rad1 Rg6 29. Qb5 Rxd6 30. Rxd6 Qxd6 31. Qe2 Qg6 32. Qe3 Kg7 33. Rb1 Rd7 34. Rb5
Qh6 35. Qe2 Qxh4 0-1

[Event "45th Sparkassen Open"]
[Site "Dortmund GER"]
[Date "2017.07.22"]
[Round "8.26"]
[White "Kartsev, Nikolaj"]
[Black "Borchert, Louis"]
[Result "1-0"]
[WhiteElo "1827"]
[BlackElo "1996"]
[WhiteFideId "12939536"]
[BlackFideId "12990680"]
[EventDate "2017.07.15"]

1. e4 e5 2. Nf3 Nc6 3. Bb5 a6 4. Ba4 Nf6 5. d3 Bc5 6. O-O b5 7. Bb3 d6 8. c3 Bb7
9. Nbd2 Bb6 10. Bc2 O-O 11. h3 Re8 12. Re1 Ne7 13. Nf1 c5 14. Bg5 Ng6 15. Ng3 h6
16. Be3 Qc7 17. Qd2 Bc8 18. Bxh6 gxh6 19. Qxh6 Qe7 20. Nf5 Bxf5 21. exf5 Nf8 22.
Re3 N6h7 23. Nxe5 Qf6 24. Rg3+ Kh8 25. Qxf6+ Nxf6 26. Nxf7+ Kh7 27. Ng5+ Kh6 28.
Nf7+ Kh7 29. Ng5+ Kh6 30. Ne4 Nxe4 31. dxe4 Ra7 32. Rd1 Bc7 33. Re3 Nd7 34. g3
Ne5 35. b3 Bb8 36. f4 Nd7 37. Kf2 Nf6 38. Kf3 Kg7 39. g4 Rh8 40. Kg3 Re7 41. g5
Nd7 42. Kg4 Rg8 43. h4 Kf7 44. h5 d5 45. e5 Nf6+ 46. Kh4 d4 47. gxf6 dxe3 48.
fxe7 Bc7 49. f6 Ba5 50. b4 cxb4 51. cxb4 Bxb4 52. Bb3+ 1-0

[Event "45th Sparkassen Open"]
[Site "Dortmund GER"]
[Date "2017.07.22"]
[Round "8.27"]
[White "Garbuz, Vitaliy"]
[Black "Nasoyan, Maksim"]
[Result "1-0"]
[WhiteElo "1989"]
[BlackElo "1860"]
[WhiteFideId "12990710"]
[BlackFideId "16220331"]
[EventDate "2017.07.15"]

1. e4 d6 2. d4 Nf6 3. Nc3 g6 4. f4 Bg7 5. Nf3 c5 6. Bb5+ Bd7 7. e5 Ng4 8. e6
Bxb5 9. exf7+ Kf8 10. Nxb5 Qa5+ 11. Nc3 cxd4 12. Nxd4 Bxd4 13. Qxd4 Nf6 14. O-O
Nc6 15. Qf2 Kxf7 16. h3 Raf8 17. Be3 a6 18. a3 Ke8 19. g4 h5 20. Bb6 Nxg4 21.
hxg4 Rxf4 22. Bxa5 Rxf2 23. Rxf2 Nxa5 24. gxh5 Rxh5 25. Raf1 Nc4 26. Rf4 Ne3 27.
R1f3 Nxc2 28. Rg3 e5 29. Rf6 Kd7 30. Rgxg6 1-0

[Event "45th Sparkassen Open"]
[Site "Dortmund GER"]
[Date "2017.07.22"]
[Round "8.28"]
[White "Biermann, Lenhard"]
[Black "Heller, Achim"]
[Result "0-1"]
[WhiteElo "1902"]
[BlackElo "2118"]
[WhiteFideId "12970077"]
[BlackFideId "12901300"]
[EventDate "2017.07.15"]

1. d4 d5 2. c4 c6 3. Nf3 Nf6 4. Qc2 dxc4 5. Qxc4 Nbd7 6. g3 Nb6 7. Qc2 g6 8. Bg2
Bf5 9. Qb3 Bg7 10. Ng5 O-O 11. e4 Bc8 12. e5 Nfd5 13. Nc3 f6 14. Nxd5 Nxd5 15.
Nf3 Rb8 16. O-O Be6 17. Qa3 Bg4 18. exf6 exf6 19. Re1 Qb6 20. h3 Bxf3 21. Bxf3
f5 22. Bxd5+ cxd5 23. Bf4 Rbc8 24. Qf3 Qxd4 25. Rad1 Qxb2 26. Qxd5+ Kh8 27. Re7
Rce8 28. Rxb7 Qc3 29. Qd7 a5 30. Kg2 Rg8 31. Rc1 Qd4 32. Rcc7 Qe4+ 33. Kg1 Rd8
34. Bh6 Rxd7 35. Rxd7 Qxb7 36. Rxb7 Bxh6 37. Ra7 Bd2 38. a3 Rd8 39. Kf1 Kg8 40.
Ke2 h5 41. Ra6 Kf7 42. Ra7+ Kf6 43. Ra6+ Kg7 44. Ra7+ Kh6 45. h4 Bc3 46. Rc7 Bd4
47. Rc4 Kg7 48. Rc7+ Kf6 49. Rc6+ Kf7 50. Rc7+ Ke6 51. Rc4 Kd5 52. Rc7 Rb8 53.
Rd7+ Ke5 54. Rg7 Rb6 55. f3 Kd5 56. Rd7+ Kc4 57. Rc7+ Bc5 58. Rg7 Bxa3 0-1

[Event "45th Sparkassen Open"]
[Site "Dortmund GER"]
[Date "2017.07.22"]
[Round "8.29"]
[White "Maniocha, Marek"]
[Black "Seref, Serkan"]
[Result "1/2-1/2"]
[WhiteElo "1996"]
[BlackElo "1910"]
[WhiteFideId "4636821"]
[BlackFideId "16205561"]
[EventDate "2017.07.15"]

1. d4 Nf6 2. c4 e6 3. a3 d5 4. e3 c5 5. Nf3 Nc6 6. Nc3 Be7 7. Bd3 a6 8. b3 dxc4
9. Bxc4 b5 10. Be2 Bb7 11. O-O O-O 12. Bb2 Rc8 13. dxc5 Bxc5 14. b4 Bd6 15. Qb3
Qc7 16. h3 Ne5 17. Nxe5 Bxe5 18. Rac1 Qb8 19. Rfd1 Qa8 20. Bf1 Rfd8 21. Rxd8+
Rxd8 22. Ne2 Bd5 23. Qc2 Be4 24. Qb3 Rd3 25. Nc3 Rd2 26. Nxe4 Bxb2 27. Nxd2 Bxc1
28. Nf3 Qc8 29. a4 Nd5 30. axb5 axb5 31. Bxb5 Qc3 32. Qxc3 Nxc3 33. Bc6 Kf8 34.
b5 Na4 35. Ne5 Nb6 36. Nd7+ Nxd7 37. Bxd7 Ke7 38. Bc6 Kd6 39. g4 Ba3 40. Be4 h6
41. f4 Bc5 42. Kf2 Ke7 43. Kf3 Bb6 44. Bd3 Bc7 45. h4 Bb6 46. e4 f6 47. h5 e5
48. Bc4 Bc7 49. Bd5 Kd6 1/2-1/2

[Event "45th Sparkassen Open"]
[Site "Dortmund GER"]
[Date "2017.07.22"]
[Round "8.30"]
[White "Jacobi, Niklas"]
[Black "Oezen, Alf"]
[Result "1/2-1/2"]
[WhiteElo "1933"]
[BlackElo "1981"]
[WhiteFideId "16244079"]
[BlackFideId "12985430"]
[EventDate "2017.07.15"]

1. e4 c6 2. d4 d5 3. e5 c5 4. c3 Nc6 5. Nf3 Bg4 6. Be2 e6 7. Be3 cxd4 8. cxd4
Qb6 9. Qd2 Nge7 10. O-O Nf5 11. Rd1 Be7 12. Nc3 O-O 1/2-1/2

[Event "45th Sparkassen Open"]
[Site "Dortmund GER"]
[Date "2017.07.22"]
[Round "8.31"]
[White "Harringer, Manfred"]
[Black "Fuhlrott, Tim"]
[Result "1-0"]
[WhiteElo "1979"]
[BlackElo "1856"]
[WhiteFideId "12958336"]
[BlackFideId "16222431"]
[EventDate "2017.07.15"]

1. e4 c5 2. Nf3 d6 3. Bb5+ Nd7 4. O-O Nf6 5. Re1 a6 6. Bf1 g6 7. d4 cxd4 8. Nxd4
Bg7 9. Nc3 O-O 10. a4 Nc5 11. a5 d5 12. exd5 Nxd5 13. Nxd5 Qxd5 14. Be3 e5 15.
Nf3 Qc6 16. b4 Ne6 17. Bb6 e4 18. Nd4 Nxd4 19. Bxd4 Rd8 20. c3 Be6 21. Qd2 f5
22. Qb2 Bxd4 23. cxd4 Qd5 24. Red1 Rac8 25. Rac1 Qb3 26. Qd2 Qa2 27. Qg5 Qd5 28.
Qf6 Rxc1 29. Rxc1 Qd6 30. Rc5 Bd5 31. Qxd6 Rxd6 32. Rxd5 1-0

[Event "45th Sparkassen Open"]
[Site "Dortmund GER"]
[Date "2017.07.22"]
[Round "8.32"]
[White "Nguyen, Lucas"]
[Black "Wastian, Jan"]
[Result "1/2-1/2"]
[WhiteElo "1934"]
[BlackElo "1878"]
[WhiteFideId "1049640"]
[BlackFideId "12911640"]
[EventDate "2017.07.15"]

1. e4 c6 2. Nc3 d5 3. Nf3 Bg4 4. h3 Bxf3 5. Qxf3 e6 6. exd5 cxd5 7. Bb5+ Nc6 8.
d4 Be7 9. Be3 a6 10. Bxc6+ bxc6 11. O-O Nf6 12. Qg3 O-O 13. Rae1 Qd6 14. Qxd6
Bxd6 15. Na4 Rab8 16. Rc1 Rb4 17. b3 Rc8 18. c3 Rb7 19. c4 Kf8 20. Rc2 Ke7 21.
Rfc1 Kd7 22. cxd5 Nxd5 23. Nc5+ Bxc5 24. Rxc5 Rb5 25. Bd2 Rc7 26. Kf1 Rc8 27.
Ke2 Rc7 28. g3 Rc8 29. Ba5 Nf6 30. Kd3 1/2-1/2

[Event "45th Sparkassen Open"]
[Site "Dortmund GER"]
[Date "2017.07.22"]
[Round "8.33"]
[White "Sondermann, Dirk"]
[Black "Dyballa, Gerhard"]
[Result "0-1"]
[WhiteElo "2041"]
[BlackElo "1957"]
[WhiteFideId "4658116"]
[BlackFideId "4645189"]
[EventDate "2017.07.15"]

1. d4 Nf6 2. Nf3 e6 3. c4 b6 4. a3 Bb7 5. g3 d5 6. Bg2 Be7 7. O-O O-O 8. Qc2
Nbd7 9. cxd5 exd5 10. Nc3 c5 11. Rd1 Rc8 12. dxc5 Nxc5 13. Nd4 Nce4 14. Qd3 Nxc3
15. bxc3 Ne4 16. Bb2 Bf6 17. Rac1 Re8 18. Nf5 Qc7 19. Ne3 Qc5 20. Bxe4 dxe4 21.
Qd7 Bc6 22. Qf5 Qxf5 23. Nxf5 Rcd8 24. Nd4 Ba4 25. Re1 e3 26. f3 g6 27. Ba1 Re7
28. Rb1 Rc7 29. Rb4 Be8 30. Rb3 Rc4 31. Nc2 Ba4 32. Rb2 Bxc3 0-1

[Event "45th Sparkassen Open"]
[Site "Dortmund GER"]
[Date "2017.07.22"]
[Round "8.34"]
[White "Biermann, Florian"]
[Black "Manthei, Michael"]
[Result "1-0"]
[WhiteElo "1939"]
[BlackElo "2004"]
[WhiteFideId "12970069"]
[BlackFideId "24605824"]
[EventDate "2017.07.15"]

1. c4 e5 2. g3 h5 3. h3 Bc5 4. Nc3 Qf6 5. Ne4 Qb6 6. Nxc5 Qxc5 7. d3 Nc6 8. Bg2
d6 9. a3 a5 10. Be3 Nd4 11. Nf3 Qb6 12. Rb1 c5 13. O-O Nc6 14. b3 Nge7 15. Qc2
Bf5 16. Rb2 Qc7 17. Bd2 Qd7 18. Kh2 f6 19. b4 axb4 20. axb4 Nd4 21. Nxd4 cxd4
22. c5 d5 23. b5 Be6 24. Rc1 Qc7 25. c6 b6 26. Ra2 O-O 27. Rca1 Rxa2 28. Qxa2
Rd8 29. Qa7 Qxa7 30. Rxa7 Nc8 31. Rb7 Bf5 32. h4 Bg4 33. Bh3 Bxe2 34. Be6+ Kh7
35. Rb8 Bg4 36. Rxc8 Rxc8 37. Bxc8 Bxc8 38. Ba5 1-0

[Event "45th Sparkassen Open"]
[Site "Dortmund GER"]
[Date "2017.07.22"]
[Round "8.35"]
[White "Ciornei, Dragos"]
[Black "Schuelke, Tilman"]
[Result "1-0"]
[WhiteElo "2118"]
[BlackElo "1973"]
[WhiteFideId "4619200"]
[BlackFideId "4647475"]
[EventDate "2017.07.15"]

1. e4 g6 2. d4 Bg7 3. Nf3 d6 4. Bc4 e6 5. Nc3 a6 6. a4 b6 7. O-O h6 8. Re1 Ne7
9. h3 Nd7 10. Bf4 O-O 11. Qd2 Kh7 12. Rad1 Bb7 13. Bb3 Nf6 14. Nh2 Qd7 15. Ng4
Nxg4 16. hxg4 Rad8 17. f3 Qc8 18. Ne2 e5 19. Be3 d5 20. exd5 Nxd5 21. Bf2 e4 22.
c4 e3 23. Bxe3 Nxe3 24. Qxe3 Rde8 25. Qd2 Re7 26. Nc3 Rfe8 27. d5 Rxe1+ 28. Rxe1
Rxe1+ 29. Qxe1 Bd4+ 30. Kf1 Qd8 31. Qd2 Qf6 32. Bc2 Bxc3 33. bxc3 a5 34. Qe3 Qd6
35. Bd3 Ba6 36. f4 Bc8 37. f5 gxf5 38. gxf5 Qf6 39. Be4 Bd7 40. Bc2 Kg7 41. g4
Bc8 42. Qd4 Bd7 43. Ke2 c6 44. dxc6 Bxc6 45. Ke3 Be8 46. Bd1 Bc6 47. Qxf6+ Kxf6
48. Kd4 Ke7 49. c5 b5 50. axb5 Bxb5 51. Kd5 Kd7 52. Ke5 Ke7 53. f6+ Kd7 54. Bb3
Be2 55. Kf4 Ke8 56. c6 Bb5 57. c7 Bd7 58. Ba4 1-0

[Event "45th Sparkassen Open"]
[Site "Dortmund GER"]
[Date "2017.07.22"]
[Round "8.37"]
[White "Seref, Erdogan"]
[Black "Elefteriadis, Paul-Gabriel"]
[Result "0-1"]
[WhiteElo "1835"]
[BlackElo "1891"]
[WhiteFideId "16206827"]
[BlackFideId "24626236"]
[EventDate "2017.07.15"]

1. e4 c5 2. Nf3 e6 3. c3 d5 4. e5 Nc6 5. d4 Bd7 6. Be2 Nge7 7. Na3 cxd4 8. cxd4
Nf5 9. Nc2 Rc8 10. O-O Be7 11. Rb1 a5 12. a3 a4 13. Bd2 Na5 14. Bb4 Bxb4 15.
Nxb4 Nb3 16. g4 Ne7 17. Qd3 Qb6 18. Nc2 Ng6 19. Rfe1 Nf4 20. Qd1 Bb5 21. Bxb5+
Qxb5 22. Nd2 h5 23. g5 Nh3+ 24. Kg2 Nxg5 25. Nxb3 axb3 26. Ne3 Qd7 27. Qxb3 Ne4
28. Qd3 Qe7 29. f3 Ng5 30. Rbc1 O-O 31. Rc3 h4 32. Ng4 Rxc3 33. Qxc3 Nh7 34. Rc1
Qg5 35. Qe3 Qg6 36. Kh1 Qg5 37. Qxg5 Nxg5 38. Kg2 f5 39. exf6 gxf6 40. Rc7 b5
41. Rb7 f5 42. Ne5 Rc8 43. Rxb5 Rc2+ 44. Kg1 Nh3+ 45. Kf1 Rf2+ 46. Ke1 Rxh2 47.
a4 Nf4 48. a5 Re2+ 49. Kf1 h3 50. Kg1 h2+ 51. Kh1 Nh5 52. Rb8+ Kg7 53. Rb7+ Kf6
54. Rf7+ Kg5 55. f4+ Kxf4 56. Nd3+ Ke3 0-1

[Event "45th Sparkassen Open"]
[Site "Dortmund GER"]
[Date "2017.07.23"]
[Round "9.2"]
[White "Jugelt, Tobias"]
[Black "Kashlinskaya, Alina"]
[Result "1-0"]
[WhiteTitle "IM"]
[BlackTitle "IM"]
[WhiteElo "2431"]
[BlackElo "2438"]
[WhiteFideId "4626150"]
[BlackFideId "4198026"]
[EventDate "2017.07.15"]

1. d4 Nf6 2. Bf4 d5 3. e3 Bg4 4. Be2 Bxe2 5. Qxe2 Nbd7 6. Nc3 e6 7. Nb5 Bb4+ 8.
c3 Ba5 9. a4 a6 10. Na3 Ne4 11. f3 Nxc3 12. Qd2 Qh4+ 13. g3 Qe7 14. bxc3 g5 15.
Ne2 gxf4 16. Nxf4 Nb6 17. O-O O-O-O 18. Nd3 h5 19. Nc5 Nc4 20. Nxc4 dxc4 21. Qb2
Bb6 22. Nxb7 Kxb7 23. a5 Qg5 24. axb6 Qxe3+ 25. Kg2 Rd6 26. Rxa6 cxb6 27. Rb1
Rc8 28. Rxb6+ Kc7 29. Rb8 1-0

[Event "45th Sparkassen Open"]
[Site "Dortmund GER"]
[Date "2017.07.23"]
[Round "9.3"]
[White "Luft, Dennis"]
[Black "Holtel, Jasper"]
[Result "1-0"]
[BlackTitle "FM"]
[WhiteElo "2219"]
[BlackElo "2229"]
[WhiteFideId "24623717"]
[BlackFideId "12956376"]
[EventDate "2017.07.15"]

1. e4 c5 2. Nc3 a6 3. g3 b5 4. Bg2 Bb7 5. Nh3 e6 6. O-O d6 7. d3 Nf6 8. f4 Be7
9. e5 Bxg2 10. Kxg2 Nfd7 11. exd6 Bxd6 12. f5 e5 13. Ne4 Be7 14. Qg4 Kf8 15. Qf3
Ra7 16. Bg5 Bxg5 17. Nhxg5 h6 18. Qh5 Nf6 19. Nxf6 Qxf6 20. Ne4 Qc6 21. f6 g6
22. Qf3 Nd7 23. h4 Ke8 24. c3 Kd8 25. b4 Kc8 26. bxc5 Nxc5 27. Nxc5 Qxc5 28. d4
exd4 29. cxd4 Qxd4 30. Rfd1 Qe5 31. Rac1+ Kb8 32. Rc6 Rb7 33. Rxa6 Rc8 34. Rd2
h5 35. Qa3 Qe4+ 36. Kh2 Rd7 37. Rb6+ Rb7 38. Qd6+ Rc7 39. Rb2 Rxb6 40. Qxb6+ Qb7
41. Qa5 Kc8 42. Qb4 Qa6 43. Qf8+ Kb7 44. Qe8 Ka7 45. Qe5 Qc8 46. Qe3+ Ka6 47.
Qa3+ Kb6 48. Qb3 Qf5 49. a4 Rc5 50. Qe3 Ka5 51. Qd2+ Kb6 52. Qd6+ Kb7 53. Qe7+
Rc7 54. Rxb5+ Qxb5 55. axb5 1-0

[Event "45th Sparkassen Open"]
[Site "Dortmund GER"]
[Date "2017.07.23"]
[Round "9.4"]
[White "Nalbandian, Tigran"]
[Black "Bomans, Arno"]
[Result "1-0"]
[WhiteTitle "GM"]
[BlackTitle "FM"]
[WhiteElo "2458"]
[BlackElo "2250"]
[WhiteFideId "13300245"]
[BlackFideId "206024"]
[EventDate "2017.07.15"]

1. Nf3 f5 2. g3 Nf6 3. Bg2 g6 4. O-O Bg7 5. d3 O-O 6. e4 Nc6 7. e5 Ng4 8. d4 d6
9. h3 Nh6 10. e6 Qe8 11. d5 Nd8 12. a4 Kh8 13. c4 a5 14. Nc3 c6 15. Ra3 Ng8 16.
Rb3 Ra6 17. Re1 Nf6 18. Be3 Ne4 19. Nxe4 fxe4 20. Ng5 cxd5 21. cxd5 Qxa4 22.
Bxe4 Kg8 23. Bd3 h6 24. Bb5 Qa2 25. Bxa6 bxa6 26. Ne4 a4 27. Ra3 Qxb2 28. Rxa4
Bb7 29. Nxd6 exd6 30. e7 Re8 31. exd8=Q Rxd8 32. Bd4 Bxd4 33. Qxd4 Qxd4 34. Rxd4
Rd7 35. h4 h5 36. f3 Kf7 37. Kf2 Rc7 38. Rb1 Kf6 39. Re1 Rc2+ 40. Ke3 Rc5 41.
Ke4 Rb5 42. Rc1 a5 43. Rc7 a4 44. Rcc4 a3 45. Ra4 Rxd5 46. Rxd5 Ke6 47. Rxa3
Bxd5+ 48. Kf4 Bc6 49. Kg5 Be8 50. Re3+ Kf7 51. Rxe8 Kxe8 52. Kxg6 Kd7 53. Kf5
Kc6 54. g4 hxg4 55. fxg4 d5 56. h5 Kc5 57. h6 1-0

[Event "45th Sparkassen Open"]
[Site "Dortmund GER"]
[Date "2017.07.23"]
[Round "9.5"]
[White "Zill, Christoph"]
[Black "Podzielny, Karl-Heinz"]
[Result "0-1"]
[WhiteTitle "FM"]
[BlackTitle "IM"]
[WhiteElo "2213"]
[BlackElo "2395"]
[WhiteFideId "4688856"]
[BlackFideId "4600215"]
[EventDate "2017.07.15"]

1. e4 c5 2. Nc3 Nc6 3. Nf3 e6 4. d4 cxd4 5. Nxd4 Qb6 6. Nb3 Nf6 7. Be2 a6 8. O-O
d6 9. Kh1 Qc7 10. f4 b5 11. a3 Bb7 12. Bf3 Be7 13. Qe1 Nd7 14. Be3 Nb6 15. Nd2
Bf6 16. Qf2 Nd7 17. Nb3 Rc8 18. Rad1 Bxc3 19. bxc3 Ne7 20. Rd3 O-O 21. Rfd1 Nf6
22. Bb6 Qb8 23. Ba7 Qa8 24. e5 dxe5 25. fxe5 Ne4 26. Qe1 Qxa7 27. Bxe4 Bxe4 28.
Qxe4 Ng6 29. Nd2 Qc5 30. Nf3 Qxa3 31. c4 Qa4 0-1

[Event "45th Sparkassen Open"]
[Site "Dortmund GER"]
[Date "2017.07.23"]
[Round "9.6"]
[White "Wiebe, Patrick"]
[Black "Guelsen, Taylan"]
[Result "1-0"]
[WhiteElo "2229"]
[BlackElo "2095"]
[WhiteFideId "4684079"]
[BlackFideId "24603635"]
[EventDate "2017.07.15"]

1. c4 e5 2. g3 Nc6 3. Bg2 Bc5 4. a3 a6 5. Nc3 Nf6 6. e3 d6 7. Nge2 Ba7 8. h3 Rb8
9. O-O O-O 10. b4 Ne7 11. d4 exd4 12. exd4 Ng6 13. Nf4 Nxf4 14. Bxf4 Bf5 15. g4
Be6 16. Qd3 d5 17. c5 Ra8 18. Bg5 c6 19. f4 h6 20. Bh4 Bb8 21. Ne2 Re8 22. Ng3
g5 23. fxg5 Ne4 24. Bxe4 hxg5 25. Bf5 gxh4 26. Nh5 Kf8 27. Qd2 Ke7 28. Rae1 Bg3
29. Nxg3 hxg3 30. Bxe6 fxe6 31. Qh6 Kd7 32. Rf7+ Kc8 33. Rxe6 Rh8 34. Qf4 a5 35.
Ree7 1-0

[Event "45th Sparkassen Open"]
[Site "Dortmund GER"]
[Date "2017.07.23"]
[Round "9.7"]
[White "Schleining, Zoya"]
[Black "Osipiak, Grzegorz"]
[Result "1-0"]
[WhiteTitle "IM"]
[WhiteElo "2369"]
[BlackElo "2338"]
[WhiteFideId "4671660"]
[BlackFideId "1109154"]
[EventDate "2017.07.15"]

1. Nf3 Nf6 2. g3 g6 3. Bg2 Bg7 4. O-O O-O 5. b3 a5 6. c4 d6 7. d4 c6 8. Nc3 Bf5
9. Nh4 Bd7 10. Ba3 Na6 11. Rc1 Nb4 12. Nf3 Bh6 13. e3 Qc8 14. Bb2 Bh3 15. a3 Na6
16. Ne2 Rd8 17. Qe1 Bxg2 18. Kxg2 Nc7 19. Nc3 b6 20. Qe2 Rb8 21. Rc2 Qb7 22. e4
b5 23. d5 bxc4 24. bxc4 Bg7 25. Ba1 e6 26. Rb1 Qa8 27. Rxb8 Rxb8 28. dxc6 Qxc6
29. Nd4 Qc5 30. Ndb5 Nxb5 31. Nxb5 Qc6 32. f3 e5 33. Bc3 Ra8 34. Be1 Nd7 35. Qd3
Ra6 36. Qd5 a4 37. Bb4 Bf8 38. Rd2 Nc5 39. Bxc5 Qxc5 40. Qxc5 dxc5 41. Rd5 f6
42. Rd7 Ra8 43. Kf2 h5 44. Ke3 Bh6+ 45. Kd3 Bc1 46. Kc2 Be3 47. h3 f5 48. Kd3
Bf2 49. Rd5 Re8 50. g4 fxg4 51. fxg4 Kg7 52. g5 Re7 53. Nc3 Bd4 54. Nxa4 Ra7 55.
Nxc5 Rxa3+ 56. Kd2 Kf7 57. Nd3 Ke6 58. c5 h4 59. Rd6+ Kf7 60. Rd7+ Ke8 61. Rd5
Ke7 62. Nxe5 Bxe5 63. Rxe5+ Kd7 64. Rd5+ Kc6 65. Rd3 Ra1 66. Ke3 Rf1 67. Rc3
Re1+ 68. Kf4 Rf1+ 69. Kg4 Re1 70. Kf4 Rf1+ 71. Ke5 Rg1 72. Kf6 Rg3 73. Rc1 Rxh3
74. Kxg6 Rg3 75. Kh6 h3 76. Rh1 Kxc5 77. g6 Kd6 78. g7 Ke7 79. Kh7 1-0

[Event "45th Sparkassen Open"]
[Site "Dortmund GER"]
[Date "2017.07.23"]
[Round "9.8"]
[White "Heider, Martin"]
[Black "Heinert, Eugen"]
[Result "1-0"]
[WhiteElo "2356"]
[BlackElo "2168"]
[WhiteFideId "24668389"]
[BlackFideId "24621390"]
[EventDate "2017.07.15"]

1. d4 d5 2. c4 c6 3. Nf3 Nf6 4. e3 Bg4 5. Nbd2 e6 6. b3 Nbd7 7. Bb2 Bd6 8. Bd3
Bh5 9. Qc2 Bg6 10. Bxg6 hxg6 11. h3 Qe7 12. Ne5 Bb4 13. Nd3 Ne4 14. Nxb4 Qxb4
15. f3 Nxd2 16. Qxd2 Qxd2+ 17. Kxd2 f5 18. Ba3 Nb6 19. Rac1 O-O-O 20. Be7 Rd7
21. Bg5 Rf7 22. Bf4 Nd7 23. Bd6 g5 24. c5 Nf6 25. b4 Kd7 26. a4 a6 27. Rb1 Ra8
28. Rb2 b5 29. Ra2 bxa4 30. Rxa4 Kc8 31. h4 g4 32. h5 Kb7 33. h6 g6 34. Be5 Nh5
35. fxg4 fxg4 36. Ke2 g3 37. Rf1 Rxf1 38. Kxf1 Rf8+ 39. Kg1 Rf7 40. Ra1 Rh7 41.
Rf1 Kc8 42. Rf8+ Kd7 43. Rh8 Rxh8 44. Bxh8 Ke7 45. h7 1-0

[Event "45th Sparkassen Open"]
[Site "Dortmund GER"]
[Date "2017.07.23"]
[Round "9.9"]
[White "Boehm, Juergen2"]
[Black "Hiller, Simon"]
[Result "1/2-1/2"]
[WhiteElo "2217"]
[BlackElo "2165"]
[WhiteFideId "4606434"]
[BlackFideId "24641308"]
[EventDate "2017.07.15"]

1. d4 Nf6 2. Bg5 d5 3. Bxf6 gxf6 4. c4 dxc4 5. e3 c5 6. Bxc4 cxd4 7. exd4 Bg7 8.
Nc3 O-O 9. Nge2 Nc6 10. O-O f5 11. Re1 Nxd4 12. Nxd4 Bxd4 13. Qd2 Bg7 14. Qxd8
Rxd8 15. Rxe7 Be6 16. Bxe6 fxe6 17. Rxb7 1/2-1/2

[Event "45th Sparkassen Open"]
[Site "Dortmund GER"]
[Date "2017.07.23"]
[Round "9.10"]
[White "Lehmann, Holger"]
[Black "Happe, Ulrich"]
[Result "1-0"]
[WhiteElo "2188"]
[BlackElo "2064"]
[WhiteFideId "4620275"]
[BlackFideId "24683175"]
[EventDate "2017.07.15"]

1. Nf3 Nf6 2. c4 g6 3. Nc3 c5 4. d4 cxd4 5. Nxd4 Bg7 6. e4 d6 7. Be2 Nc6 8. Be3
Bd7 9. O-O O-O 10. f3 a6 11. Qd2 Qb8 12. Nc2 Rc8 13. Na4 Rc7 14. Nb6 Ra7 15. b4
Ne5 16. a4 Be6 17. Na3 Nfd7 18. a5 Kf8 19. Rab1 Rc6 20. f4 Ng4 21. Bxg4 Bxg4 22.
h3 Nxb6 23. axb6 Ra8 24. hxg4 Qe8 25. Rfd1 Kg8 26. e5 Rd8 27. b5 axb5 28. Nxb5
Qd7 29. Na7 Ra8 30. Nxc6 Qxc6 31. Qd5 Qc8 32. exd6 exd6 33. Rbc1 Qxg4 34. Qxb7
Ra2 35. Qc8+ 1-0

[Event "45th Sparkassen Open"]
[Site "Dortmund GER"]
[Date "2017.07.23"]
[Round "9.11"]
[White "Buechle, Manfred"]
[Black "Wagner, Alexej"]
[Result "0-1"]
[WhiteElo "2118"]
[BlackElo "2277"]
[WhiteFideId "4659368"]
[BlackFideId "4129555"]
[EventDate "2017.07.15"]

1. e4 c5 2. Nf3 d6 3. d4 cxd4 4. Nxd4 Nf6 5. Nc3 a6 6. Be2 e5 7. Nb3 Be7 8. O-O
O-O 9. Be3 Be6 10. f4 exf4 11. Bxf4 Nc6 12. Bf3 Ne5 13. Bxe5 dxe5 14. Qxd8 Rfxd8
15. Rad1 Rac8 16. a3 Rxd1 17. Rxd1 h6 18. Rd2 Bxa3 19. Nd5 Bxd5 20. exd5 Bxb2
21. d6 e4 22. d7 Rd8 23. Bg4 Nxg4 24. Nc5 Bc1 25. Nxb7 Bxd2 26. Nxd8 Ne5 0-1

[Event "45th Sparkassen Open"]
[Site "Dortmund GER"]
[Date "2017.07.23"]
[Round "9.12"]
[White "Kartsev, Soel"]
[Black "Koellner, Ruben Gideon"]
[Result "0-1"]
[WhiteElo "2220"]
[BlackElo "2078"]
[WhiteFideId "4130561"]
[BlackFideId "12993093"]
[EventDate "2017.07.15"]

1. c4 e5 2. Nc3 Nc6 3. g3 Bc5 4. Bg2 a6 5. e3 d6 6. Nge2 Ba7 7. O-O h5 8. d4 h4
9. d5 Nce7 10. b4 hxg3 11. hxg3 Ng6 12. c5 Qg5 13. f3 dxc5 14. Ne4 Qd8 15. Nxc5
Nf6 16. Nc3 Ne7 17. f4 exf4 18. gxf4 Qd6 19. Qd4 Nf5 20. Qe5+ Kf8 21. a4 Ng4 22.
Qe4 Qh6 23. Rf3 Qh2+ 24. Kf1 Ng3+ 25. Rxg3 Qxg3 26. Ra2 Nh2+ 27. Ke2 g6 28. Qe5
Qxg2+ 29. Kd3 Bf5+ 30. Kc4 Qf1+ 31. Kb3 Rh5 32. Qxc7 Qxc1 33. Qxb7 Re8 34. Qxa7
Rxe3 35. Qb8+ Kg7 0-1